00450nam a2200157Ia 4500100001800000650000900018942000700027366000700034245002200041260001400063082001500077300000800092546002300100999001700123952015200140 aKalin/Martin  aJava cBK f20 aJava web services bSPDc2009 a5.133bKAL a297 aENGLISHcComputers c21555d21555 001040708CRCaCRCEbCRCEd2023-03-17eBook Service Syndicateg300.00i519 dt 28/03/2012l0o5.133 KALp21918r2023-03-17v375.00w0000-00-00yBK